Nghiên cứu hiệu quả ủ phân compost từ cây đậu xanh và cỏ dại tại địa bàn xã Minh Tân, huyện Dầu Tiếng, tỉnh Bình Dương

Spremljeno u:
Bibliografski detalji
Glavni autor: Lê, Thị Minh Nguyệt
Daljnji autori: Phạm, Thị Mỹ Trâm
Format: Knjiga
Jezik:Undetermined
Teme:
Online pristup:http://lrc.tdmu.edu.vn/opac/search/detail.asp?aID=2&ID=33652
Oznake: Dodaj oznaku
Bez oznaka, Budi prvi tko označuje ovaj zapis!
Thư viện lưu trữ: Trung tâm Học liệu Trường Đại học Thủ Dầu Một
LEADER 00879nam a2200157Ia 4500
001 TDMU_33652
008 210410s9999 xx 000 0 und d
082 |a 808 
100 |a Lê, Thị Minh Nguyệt 
245 0 |a Nghiên cứu hiệu quả ủ phân compost từ cây đậu xanh và cỏ dại tại địa bàn xã Minh Tân, huyện Dầu Tiếng, tỉnh Bình Dương 
245 0 |c Lê Thị Minh Nguyệt, Phạm Thị Mỹ Trâm 
300 |a Tr.63-72 
650 |a Chế phẩm sinh học; Cây đậu xanh; Phế phẩm nông nghiệp; Trichoderma; Phân Compost  |x Nghiên cứu  |z Dầu Tiếng (Bình Dương); Phân bón vô cơ 
700 |a Phạm, Thị Mỹ Trâm 
856 |u http://lrc.tdmu.edu.vn/opac/search/detail.asp?aID=2&ID=33652 
980 |a Trung tâm Học liệu Trường Đại học Thủ Dầu Một